Social work practice : a generalist approach /

Bibliographic Details
Main Author: Johnson, Louise C., 1923-
Format: Book
Language:English
Published: Boston : Allyn and Bacon, [1992]
Edition:4th ed.
Subjects:

MARC

Tag First Indicator Second Indicator Subfields
LEADER 00000cam a2200000 a 4500
001 in00001072421
005 20150929101927.0
008 910314s1992 maua b 001 0 eng
010 |a  91012578  
020 |a 0205131409 (acid-free paper) 
035 |a (OCoLC)23384095 
035 |9 AFP2828AM 
040 |a DLC  |c DLC  |d TXA  |d UtOrBLW 
049 |a TXAM 
050 0 0 |a HV40  |b .J64 1992 
082 0 0 |a 361.3/2  |2 20 
100 1 |a Johnson, Louise C.,  |d 1923- 
245 1 0 |a Social work practice :  |b a generalist approach /  |c Louise C. Johnson. 
250 |a 4th ed. 
264 1 |a Boston :  |b Allyn and Bacon,  |c [1992] 
264 4 |c ©1992 
300 |a xvii, 377 pages :  |b illustrations ;  |c 25 cm. 
336 |a text  |b txt  |2 rdacontent 
337 |a unmediated  |b n  |2 rdamedia 
338 |a volume  |b nc  |2 rdacarrier 
504 |a Includes bibliographical references and indexes. 
650 0 |a Social service. 
650 0 |a Social case work. 
999 |a MARS 
999 f f |s 5b8ae8da-cac6-3a3e-ad7c-944cb2c6c717  |i 4cd9823d-fa1a-3d53-ae40-0e0224291d7a  |t 0 
952 f f |p ric  |a Texas A&M University  |b Rellis Campus  |c Joint Library Facility  |d Remote Storage  |t 0  |e HV40 .J64 1992  |h Library of Congress classification  |i unmediated -- volume  |m A14815716786 
998 f f |a HV40 .J64 1992  |t 0  |l Remote Storage